000 00891nam a22002537a 4500
003 OSt
005 20260313172433.0
008 260313b ||||| |||| 00| 0 eng d
040 _aJMG
_beng
_cJMG
_erda
082 0 4 _a551.45709595
100 0 0 _aUmi Daeimah Hussin
245 1 0 _aEFFECTS OF SAND DREDGING ON THE MORPHOLOGY OF THE RAMUNIA SHOALS, OFF THE EAST COAST OF JOHORE /
_cUMMI DAEIMAH BINTI HUSSIN
264 _c2010
300 _a77 pages :
_bcolour maps ;
_c30 cm
336 _atext
_2rdacontent
337 _aunmediated
_2rda media
338 _2volume
_ardacarrier
650 1 0 _aCoastal geomorphology
_zMalaysia
_zJohor
650 2 0 _aDredging
_xEnvironmental aspects
_zMalaysia
_zJohore
650 2 0 _aShoals
_zMalaysia
_zJohor
650 2 0 _aSeabed morphology
_zMalaysia
_zJohor
650 2 0 _aRamona Shoals
_zJohor
_zMalaysia
942 _2ddc
_cREF
_e23
_h551.40709595
999 _c27173
_d27173